TOP 10 najmniejszych krajów w Azji według populacji - Statystyki

Ogólne statystyki
  • Ten quiz został rozwiązany 534 razy
  • Średni wynik to 6 z 10
Statystyki odpowiedzi
Populacja Kraj % Poprawnych
716,896 Bhutan
79%
2,334,029 Katar
78%
1,316,500 Bahrajn
73%
1,143,667 Timor Wschodni
69%
408,786 Brunei
67%
2,970,495 Armenia
64%
394,451 Malediwy
60%
3,179,997 Mongolia
58%
3,090,150 Oman
55%
1,138,071 Cypr
43%
Nie znaleziono quizów pasujących do podanych kryteriów
Rozkład punktacji
Procent ludzi z każdym wynikiem
Percentyl według liczby udzielonych odpowiedzi
Twoja historia wyników
Nie rozwiązałeś tego quizu